LEADER 02727nam 2200565 450 001 9910790029403321 005 20230124190244.0 010 $a0-19-152884-6 010 $a0-19-162334-2 035 $a(CKB)2670000000153461 035 $a(EBL)834781 035 $a(OCoLC)778339580 035 $a(SSID)ssj0000632583 035 $a(PQKBManifestationID)12221840 035 $a(PQKBTitleCode)TC0000632583 035 $a(PQKBWorkID)10609169 035 $a(PQKB)11761262 035 $a(MiAaPQ)EBC5824821 035 $a(MiAaPQ)EBC834781 035 $a(EXLCZ)992670000000153461 100 $a20190731h20102008 uy 0 101 0 $aeng 135 $aur|n|---||||| 181 $ctxt 182 $cc 183 $acr 200 10$aBeyond the hoax $escience, philosophy and culture /$fAlan Sokal 210 1$aNew York :$cOxford University Press,$d2010. 210 4$d©2008 215 $a1 online resource (882 p.) 300 $aDescription based upon print version of record. 311 $a0-19-956183-4 327 $aCover Page; Title Page; Copyright Page; Dedication; Contents; Preface; Part I: The Social Text Affair; 1 The parody, annotated; 2 Transgressing the boundaries: An afterword; 3 Truth, reason, objectivity, and the Left; 4 Science studies: Less than meets the eye; 5 What the Social Text affair does and does not prove; Part II: Science and Philosophy; 6 Cognitive relativism in the philosophy of science; 7 Defense of a modest scientific realism; Part III: Science and Culture; 8 Pseudoscience and postmodernism: Antagonists or fellow-travelers?; 9 Religion, politics and survival 327 $a10 Epilogue: Epistemology and ethicsIndex; Footnotes 330 $aIn 1996, Alan Sokal, a Professor of Physics at New York University, wrote a paper for the cultural-studies journal Social Text, entitled 'Transgressing the Boundaries: Towards a transformative hermeneutics of quantum gravity'. It was reviewed, accepted and published. Sokal immediately confessed that the whole article was a hoax - a cunningly worded paper designed to expose and parody the style of extreme postmodernist criticism of science. The story becamefront-page news around the world and triggered fierce and wide-ranging controversy. Sokal is one of the most powerful voices in the continui 606 $aScience$xPhilosophy 606 $aEvidence 606 $aPseudoscience 615 0$aScience$xPhilosophy. 615 0$aEvidence. 615 0$aPseudoscience. 676 $a501 700 $aSokal$b Alan D.$f1955-$0142248 801 0$bMiAaPQ 801 1$bMiAaPQ 801 2$bMiAaPQ 906 $aBOOK 912 $a9910790029403321 996 $aBeyond the hoax$93794093 997 $aUNINA LEADER 02485nam a2200313 i 4500 001 991004335430107536 005 20240730132414.0 008 990304s1769 it a er 001 0 lat d 026 $as.er umro$bn-a- le28 (C)$c1769 (R)$dv. 2 040 $aBibl. Interfacoltà T. Pellegrino$bita$cSocioculturale Scs 041 0 $alat 100 1 $aVergilius Maro, Publius$07260 245 10$aP. Virgilii Maronis Opera. Interpretatione et notis illustravit Carolus Ruaeus, Soc. Jesu, ad usum serenissimi delphini 250 $aEditio nova, auctior et emendatior. Cui accessit index accuratissimus, omnibus numeris & concordantiis absolutus juxta editionem tertiam Parisiensem A. 1722 260 $aNeapoli :$bapud Iosephum Antonium Elia,$c1769 300 $a2 volumi ;$c4° 500 $aFregio xilografico sui frontespizi: Una donna in piedi su di un globo tiene con le mani una vela spiegata al vento, alla sua destra una spada e alla sua sinistra una cornucopia 500 $acorsivo ; greco ; romano 505 00$g2: Tomus secundus. -$g[2], 377-810 p. (($gSegnatura: A-3G? 3H?. - Errori nella numerazione delle pagine. 561 0 $aIl fondo Briganti-Stajano è stato annesso al patrimonio della Biblioteca Interfacoltà nel 1981. Le famiglie da cui il fondo prende il nome sono l'aristocratica famiglia gallipolina dei Briganti (fine XVIII sec.) e la famiglia Stajano di Sannicola, alla quale il fondo è pervenuto in eredità dopo la morte di Domenico Briganti, ultimo discendente (fine XIX sec.). Il fondo si compone di una sezione a stampa antica e moderna e di una sezione manoscritta. La sezione a stampa è costituita in buona parte dalla biblioteca dei due esponenti più noti dell?Illuminismo riformatore salentino, Tommaso Briganti (1691-1762) e il figlio Filippo (1726-1804), e riflette in pieno i loro interessi per le discipline storiche, giuridiche, economiche, religiose e filosofiche; sono presenti nella sezione, inoltre, libri, opuscoli, documenti e opere degli stessi Stajano.$5LE002 562 $a1 esemplare, solo volume 2$5LE002 700 1 $aLa Rue, Charles : de$d<1643-1725> 700 3 $aBriganti-Stajano $d$epossessore precedente$5LE002 700 1 $aBriganti, Tommaso$epossessore precedente$gSulla carta di guardia anteriore nota ms. di possesso datata 1788$5LE002 710 2 $aElia, Giuseppe Antonio 752 $aItalia$dNapoli 912 $a991004335430107536 996 $aP. Virgilii Maronis opera$9246563 997 $aUNISALENTO